Statistics for Krebs Cycle Structures

Click here to take the quiz!

General Stats

  • This quiz has been taken 40 times
  • The average score is 5 of 9

Answer Stats

Answer% Correct
Acetyl CoA
100%
Succinyl CoA
72%
Fumarate
68%
Isocitrate
52%
Citrate
44%
Malate
44%
Alpha ketoglutarate
32%
Oxaloacetate
32%
Succinate
32%

Score Distribution

Percentile by Number Answered

Percent of People with Each Score

Your Score History

You have not taken this quiz